000
00186nam a22000977a 4500
020
_a
9788190964616
082
_a
K760
245
_a
CHHOTA BHEEM 2 BABBAN SHER
300
_a
32P
942
_c
BK
999
_c
1996
_d
1996